القوى العقلية الحواس الخمس / (رقم التسجيلة. 4390)

تفاصيل مارك
000 -الفاتح
عناصر البيانات ثابتة الطول 00782cam a2200217 i 4500
005 - تاريخ ووقت آخر معاملة
حقل ضبط 20251108164129.0
008 - عناصر البيانات ثابتة الطول
عناصر البيانات ثابتة الطول 250721s2009 jo gr 000 0 ara d
041 1# - كود اللغة
كود اللغة لنص/مسار صوت أو عنوان منفصل ara
كود اللغة للأصل eng
082 14 - رقم تصنيف ديوي العشري
رقم التصنيف 153
رقم المادة ه ا ي
100 1# - مدخل رئيسي – اسم شخصي
الاسم الشخصي هاينز، مايكل
علاقة الشخص بالعمل/ دوره مؤلف.
245 10 - بيان العنوان
العنوان القوى العقلية الحواس الخمس /
بيان المسؤولية مايكل هاينز ؛ ترجمة د.عبدالرحمن الطيب.
250 ## - بيان الطبعة
بيان الطبعة الطبعة الاولى.
264 31 - بيانات النشر، التوزيع…إلخ
مكان النشر، التوزيع...إلخ عمان :
اسم الناشر، الموزع...إلخ الأهلية للنشروالتوزيع،
تاريخ النشر، التوزيع...إلخ 2009.
300 ## - الوصف المادي
عدد الوحدات المكونة للوعاء 320 صفحة.
650 17 - مدخل إضافي بالموضوع - مصطلح موضوعي
مصطلح موضوعي أو اسم جغرافي كعنصر مدخل العقل (علم النفس).
650 17 - مدخل إضافي بالموضوع - مصطلح موضوعي
مصطلح موضوعي أو اسم جغرافي كعنصر مدخل التفكير.
650 17 - مدخل إضافي بالموضوع - مصطلح موضوعي
مصطلح موضوعي أو اسم جغرافي كعنصر مدخل الذاكره.
700 1# - مدخل إضافي - اسم شخصي
الاسم الشخصي الطيب، عبد الرحمن
علاقة الشخص بالعمل/ دوره مترجم.
942 ## - بيانات إضافية (كوها)
نوع التنصيف Dewey Decimal Classification
نوع المادة (كوها) كتب
المقتنيات
حالة السحب حالة الفقدان مصدر التصنيف حالة التلف غير قابل للإعارة المكتبة الرئيسية المكتبة الحالية موقع الرف تاريخ التزويد الرقم المتسلسل Total Checkouts رقم الإستدعاء الباركود تاريخ آخر ظهور تاريخ الفاتورة نوع المادة (كوها)
    Dewey Decimal Classification     المكتبة المركزية المكتبة المركزية الإعارة 28/07/2025 1266268   153 / ه ا ي PLD00076664 28/07/2025 28/07/2025 كتب
    Dewey Decimal Classification     المكتبة المركزية المكتبة المركزية الإعارة 10/03/2009 1266269   153 /ه ا ي PLD00077117 28/07/2025 10/03/2009 كتب
    Dewey Decimal Classification     المكتبة المركزية المكتبة المركزية مقتنيات قسم التزويد 28/07/2025 1266270   153/هاي   28/07/2025 28/07/2025 كتب
    Dewey Decimal Classification     مكتبة أبو علندا العامة مكتبة أبو علندا العامة الإعارة 10/03/2009 1266272   153/هاي PLD00077118 28/07/2025 10/03/2009 كتب
    Dewey Decimal Classification     مكتبة الأميرة ايمان العامة مكتبة الأميرة ايمان العامة الإعارة 10/03/2009 1266273   153/هاي PLD00077119 28/07/2025 10/03/2009 كتب
    Dewey Decimal Classification     مكتبة البراعم الواعدة مكتبة البراعم الواعدة الإعارة 23/02/2010 1360520   153/هاي PLD00135423 28/07/2025 23/02/2010 كتب
    Dewey Decimal Classification     مكتبة مرج الحمام مكتبة مرج الحمام الإعارة 10/03/2009 1266274   153/هاي PLD00077120 28/07/2025 10/03/2009 كتب
    Dewey Decimal Classification     مكتبة منتدى الرواد مكتبة منتدى الرواد الإعارة 15/08/2009 1312772   153/هاي PLD00105986 28/07/2025 15/08/2009 كتب
    Dewey Decimal Classification     مكتبة ومركز فرح مكتبة ومركز فرح الإعارة 19/05/2009 1278466   153/هاي PLD00093626 28/07/2025 19/05/2009 كتب
Implemented & Customized by: BBB with SCIT (Smart Chains for Information Technology)

Powered by Koha